Prodloužená jízda /
V této vzpomínkové knize autor s humorem popisuje své zážitky od dětství do současnosti.
Uloženo v:
| Hlavní autor: | |
|---|---|
| Médium: | E-kniha |
| Jazyk: | Czech |
| Vydáno: |
Praha :
Motto,
2019
|
| Vydání: | Vydání první |
| Témata: | |
| Tagy: |
Žádné tagy |
| LEADER | 02487cam a2200553 i 4500 | ||
|---|---|---|---|
| 001 | 311016 | ||
| 003 | CZ PrSKC | ||
| 005 | 20260601215658.0 | ||
| 007 | ta | ||
| 008 | 190314s2019 xr a g 000 jacze | ||
| 015 | |a cnb003082573 | ||
| 020 | |a 9788026714446 |q (vázáno) | ||
| 035 | |a (OCoLC)1100762203 | ||
| 040 | |a ABG001 |b cze |d BOA001 |d ABA001 |e rda | ||
| 043 | |a e-xr--- | ||
| 045 | |a x6y1 | ||
| 072 | 7 | |a 821.162.3-3 |x Česká próza |2 Konspekt | |
| 072 | 7 | |a 929 |x Biografie |2 Konspekt | |
| 080 | |a 821.162.3-32 |2 MRF | ||
| 080 | |a 791/792.071.2 |2 MRF | ||
| 080 | |a 929 |2 MRF | ||
| 080 | |a (437.3) |2 MRF | ||
| 080 | |a (0:82-322.6) |2 MRF | ||
| 080 | |a (0:82-321.5) |2 MRF | ||
| 100 | 1 | |a Kopta, Václav, |d 1965- |7 jo2002140130 |4 aut | |
| 245 | 1 | 0 | |a Prodloužená jízda / |c Václav Kopta |
| 250 | |a Vydání první | ||
| 264 | 1 | |a Praha : |b Motto, |c 2019 | |
| 300 | |a 121 stran : |b ilustrace ; |c 20 cm | ||
| 336 | |a text |b txt |2 rdacontent | ||
| 337 | |a bez média |b n |2 rdamedia | ||
| 338 | |a svazek |b nc |2 rdacarrier | ||
| 520 | 2 | |a V této vzpomínkové knize autor s humorem popisuje své zážitky od dětství do současnosti. |b Vzpomínková kniha s humorem a nadhledem reflektuje autorovy zážitky. Počínaje dětstvím a příhodami z prázdninových Libochovic, odvíjejí se v knize jeho neobyčejné zážitky s přáteli, rodinou, z hereckého prostředí i další, humorné a čtivě zpracované vzpomínky. | |
| 600 | 1 | 7 | |a Kopta, Václav, |d 1965- |7 jo2002140130 |2 czenas |
| 648 | 7 | |a 20.-21. století |7 ch462155 |2 czenas | |
| 650 | 0 | 7 | |a herci |7 ph117199 |z Česko |y 20.-21. století |2 czenas |
| 650 | 0 | 9 | |a actors |z Czechia |y 20th-21st centuries |2 eczenas |
| 655 | 7 | |a české příběhy |7 fd133973 |2 czenas | |
| 655 | 7 | |a autobiografické příběhy |7 fd131891 |2 czenas | |
| 655 | 7 | |a humoristické příběhy |7 fd132430 |2 czenas | |
| 655 | 9 | |a Czech stories |2 eczenas | |
| 655 | 9 | |a autobiographical stories |2 eczenas | |
| 655 | 9 | |a humorous stories |2 eczenas | |
| 900 | |a ABA001 |b 19 | ||
| 928 | 9 | |a Albatros Media - Motto | |
| 044 | |a xr | ||
| 910 | |a RBIT002 | ||
| 998 | |d 184085 |a https://core.palmknihy.cz/api/books/184085/cover?pnzdd4 |b https://core.palmknihy.cz/api/books/184085/cover/400?pnzdd4 |c https://core.palmknihy.cz/api/books/184085/cover/50?pnzdd4 |e 2029-12-31 |g 128 |i 9788026714446 |j https://core.palmknihy.cz/api/books/184085/preview.epub |k https://core.palmknihy.cz/api/books/184085/preview.pdf |l |q 49 |r 1 |s https://www.palmknihy.cz/kniha/184085 |t ebook |y 2019 |z 0 | ||
| 999 | |d 311014 | ||